000 01048nam a22003257a 4500
003 CHAP
005 20220329141556.0
008 971013s1971 r 00010 d
010 _a70382
011 _a71354
035 _a80908
040 _cCHAP
090 _aTesis
100 0 0 _aCajuste, Lenom J.
_917256
245 _aFactors regulating plant availability of phosphate applied to brazilian soils
260 _aMadison, Wis. :
_bEl autor,
_c1971
300 _a98 h.
_b: mapa
502 _aTesis (Doctor of Philosophy. Soils) -- University of Wisconsin
590 _aALEPH
_b10
_c20130110
_lUCH01
_h1410
590 _aBATCH-UPD
_b10
_c20130110
_lUCH01
_h0022
590 _aBATCH-UPD
_b10
_c20130110
_lUCH01
_h1523
590 _aBATCH-UPD
_b10
_c20130410
_lUCH01
_h0934
590 _aBATCH-UPD
_b10
_c20130914
_lUCH01
_h0813
590 _aCONVERSION
_b10
_c20130109
_lUCH01
_h1339
650 1 4 _aFósforo en plantas.
_942267
650 1 4 _aSuelos
_xFósforo en.
_9110376
901 _aBK
942 _cTESIS
949 _bBC
_cTES
_d-33935
_eTS1
_i80908
_si
999 _c70382
_d70382